[Event "Landesliga Nord 0203"]
[Site "Bayern"]
[Date "2002.12.15"]
[Round "3.5"]
[White "Fischer, Franz"]
[Black "Bartha, Sandor"]
[Result "0-1"]
[WhiteElo "1985"]
[BlackElo "2150"]
[PlyCount "102"]
[EventDate "2002.10.20"]
[EventType "team-tourn"]
[EventRounds "9"]
[EventCountry "GER"]
[SourceTitle "EXT 2004"]
[Source "ChessBase"]
[SourceDate "2003.11.25"]
[SourceVersion "1"]
[SourceVersionDate "2003.11.25"]
[SourceQuality "1"]
[WhiteTeam "Cham"]
[BlackTeam "Koetzting"]
[WhiteTeamCountry "GER"]
[BlackTeamCountry "GER"]

1. Nf3 d5 2. d4 Nf6 3. e3 e6 4. c4 Be7 5. Nc3 0-0 6. cxd5 exd5 7. Bd3 Bd6 8. h3 Re8 9. Qc2 c6 10. Bd2 a5 11. 0-0 Nbd7 12. Rfe1 h6 13. Rac1 Nf8 14. e4 dxe4 15. Nxe4 Nxe4 16. Bxe4 Be6 17. Bc3 a4 18. Qb1 Nd7 19. Ne5 Nf6 20. Bf3 Qc8 21. Rcd1 Bd5 22. Qd3 Bxa2 23. Nc4 Rxe1+ 24. Rxe1 Bxc4 25. Qxc4 Qf5 26. d5 cxd5 27. Qb5 Qf4 28. Bxd5 Nxd5 29. Qxd5 Qh2+ 30. Kf1 Qh1+ 31. Ke2 Re8+ 32. Kf3 Rxe1 33. Bxe1 Qxe1 34. Qxd6 Qe8 35. Qb6 Qd7 36. Ke3 g6 37. Qd4 Qe8+ 38. Kd2 h5 39. Kc3 Qc6+ 40. Kb4 Qxg2 41. Qd8+ Kh7 42. Qf6 Qe4+ 43. Ka5 Kg8 44. f4 Qc4 45. Qe5 Qb3 46. h4 Kh7 47. Qe4 a3 48. f5 Qxb2 49. fxg6+ fxg6 50. Qe7+ Qg7 51. Qxa3 Qc7+ 0-1

[Event "Landesliga Nord 0203"]
[Site "Bayern"]
[Date "2002.11.17"]
[Round "2.5"]
[White "Werner, Claus"]
[Black "Fischer, Franz"]
[Result "1/2-1/2"]
[WhiteElo "2208"]
[BlackElo "1925"]
[PlyCount "44"]
[EventDate "2002.10.20"]
[EventType "team-tourn"]
[EventRounds "9"]
[EventCountry "GER"]
[SourceTitle "EXT 2004"]
[Source "ChessBase"]
[SourceDate "2003.11.25"]
[SourceVersion "1"]
[SourceVersionDate "2003.11.25"]
[SourceQuality "1"]
[WhiteTeam "Neutraubling"]
[BlackTeam "Cham"]
[WhiteTeamCountry "GER"]
[BlackTeamCountry "GER"]

1. e4 e6 2. d4 d5 3. Nc3 Bb4 4. Nge2 Nc6 5. a3 Be7 6. e5 f6 7. exf6 Nxf6 8. g3 e5 9. dxe5 Nxe5 10. Bg2 c6 11. 0-0 0-0 12. h3 Nc4 13. Nf4 Bc5 14. b3 Nd6 15. Na4 Bb6 16. Nxb6 axb6 17. Bb2 Nfe4 18. Nxd5 Ng5 19. Nf4 Rxf4 20. gxf4 Nxh3+ 21. Bxh3 Bxh3 22. Qd4 Qd7 1/2-1/2

[Event "Regionalliga NO 0102"]
[Site "Bayern"]
[Date "2001.11.11"]
[Round "2.7"]
[White "Fischer, Franz"]
[Black "Wahl, Markus"]
[Result "1/2-1/2"]
[WhiteElo "2010"]
[BlackElo "1910"]
[PlyCount "89"]
[EventDate "2001.10.07"]
[EventType "team-tourn"]
[EventRounds "9"]
[EventCountry "GER"]
[SourceTitle "EXT 2003"]
[Source "ChessBase"]
[SourceDate "2002.11.25"]
[SourceVersion "1"]
[SourceVersionDate "2002.11.25"]
[SourceQuality "1"]
[WhiteTeam "Cham"]
[BlackTeam "Puschendorf"]
[WhiteTeamCountry "GER"]
[BlackTeamCountry "GER"]

1. e4 c5 2. Nf3 Nc6 3. d4 cxd4 4. Nxd4 Nf6 5. Nc3 e5 6. Ndb5 d6 7. Bg5 a6 8. Na3 b5 9. Nd5 Be7 10. Bxf6 gxf6 11. c3 f5 12. exf5 Bxf5 13. g3 Rc8 14. Nc2 h5 15. a4 h4 16. g4 Be4 17. f3 Bxc2 18. Qxc2 Nd4 19. Qd1 Ne6 20. axb5 h3 21. Nxe7 Qxe7 22. Qd2 axb5 23. Bxb5+ Kf8 24. 0-0 Qc7 25. Bd3 Nf4 26. Bf5 Rb8 27. Qf2 Qb7 28. b4 Kg7 29. Rfd1 Qc6 30. Qe3 Rhd8 31. Be4 Qxc3 32. Qxc3 Ne2+ 33. Kf2 Nxc3 34. Rd2 Nxe4+ 35. fxe4 Rxb4 36. Re1 Rb3 37. Red1 Kf6 38. Rxd6+ Rxd6 39. Rxd6+ Kg5 40. Rd7 Rb2+ 41. Kg3 Rb3+ 42. Kf2 f6 43. Rd6 Kf4 44. Rxf6+ Kxe4 45. Rf8 1/2-1/2

[Event "Regionalliga NO 0001"]
[Site "Bayern"]
[Date "2001.03.11"]
[Round "7"]
[White "Fischer, Franz"]
[Black "Schatz, Werner"]
[Result "1/2-1/2"]
[WhiteElo "1585"]
[BlackElo "1947"]
[PlyCount "29"]
[EventDate "2000.10.15"]
[EventType "team-tourn"]
[EventRounds "9"]
[EventCountry "GER"]
[SourceTitle "EXT 2020"]
[Source "ChessBase"]
[SourceDate "2019.10.17"]
[SourceVersion "1"]
[SourceVersionDate "2019.10.17"]
[SourceQuality "1"]
[WhiteTeam "Cham"]
[BlackTeam "Gunzenhausen"]
[WhiteTeamCountry "GER"]
[BlackTeamCountry "GER"]

1. c4 c5 2. Nc3 Nc6 3. g3 g6 4. Bg2 Bg7 5. Nf3 e6 6. 0-0 Nge7 7. e3 0-0 8. d4 cxd4 9. Nxd4 Nxd4 10. exd4 d5 11. cxd5 Nxd5 12. Nxd5 exd5 13. Be3 Be6 14. Qa4 Qe8 15. Qxe8 1/2-1/2

[Event "Regionalliga NO 0001"]
[Site "Bayern"]
[Date "2001.02.18"]
[Round "6.5"]
[White "Fischer, Franz"]
[Black "Lutz, Dieter"]
[Result "0-1"]
[WhiteElo "1585"]
[BlackElo "2050"]
[PlyCount "80"]
[EventDate "2000.10.15"]
[EventType "team-tourn"]
[EventRounds "9"]
[EventCountry "GER"]
[SourceTitle "EXT 2020"]
[Source "ChessBase"]
[SourceDate "2019.10.17"]
[SourceVersion "1"]
[SourceVersionDate "2019.10.17"]
[SourceQuality "1"]
[WhiteTeam "Cham"]
[BlackTeam "Postbauer"]
[WhiteTeamCountry "GER"]
[BlackTeamCountry "GER"]

1. e4 c5 2. Nf3 e6 3. g3 Nc6 4. Bg2 g6 5. 0-0 Bg7 6. c3 e5 7. Re1 d6 8. d3 Nge7 9. Nbd2 0-0 10. Nf1 Rb8 11. h3 b5 12. Be3 Na5 13. Qd2 b4 14. Bh6 bxc3 15. bxc3 Ba6 16. Bxg7 Kxg7 17. Rab1 Qc7 18. Ne3 Rxb1 19. Rxb1 Rb8 20. Qc2 Rb7 21. Nd2 Rxb1+ 22. Qxb1 Qb6 23. Qxb6 axb6 24. Nec4 Nxc4 25. Nxc4 Bxc4 26. dxc4 Nc6 27. Bf1 f5 28. f3 Kf6 29. Kf2 f4 30. h4 fxg3+ 31. Kxg3 h6 32. Bg2 Na5 33. Bf1 Nc6 34. Bh3 Nd8 35. Bd7 Ke7 36. Bh3 Ne6 37. Bxe6 Kxe6 38. h5 Kf6 39. Kg4 gxh5+ 40. Kxh5 Kg7 0-1

[Event "Regionalliga NO 0001"]
[Site "Bayern"]
[Date "2000.11.12"]
[Round "2.6"]
[White "Fischer, Franz"]
[Black "Palamar, Mujo"]
[Result "1-0"]
[WhiteElo "1585"]
[BlackElo "1815"]
[PlyCount "135"]
[EventDate "2000.10.15"]
[EventType "team-tourn"]
[EventRounds "9"]
[EventCountry "GER"]
[SourceTitle "EXT 2020"]
[Source "ChessBase"]
[SourceDate "2019.10.17"]
[SourceVersion "1"]
[SourceVersionDate "2019.10.17"]
[SourceQuality "1"]
[WhiteTeam "Cham"]
[BlackTeam "Regensburg Bavaria"]
[WhiteTeamCountry "GER"]
[BlackTeamCountry "GER"]

1. Nf3 Nf6 2. d4 d5 3. c4 e6 4. Bg5 Be7 5. e3 h6 6. Bxf6 Bxf6 7. Nc3 c6 8. Rc1 0-0 9. Bd3 Re8 10. 0-0 Nd7 11. b3 Nf8 12. Qc2 g6 13. Rfd1 Kg7 14. Ne5 Bxe5 15. dxe5 f5 16. Ne2 Nd7 17. cxd5 exd5 18. f4 Qb6 19. Nd4 Nf8 20. Qc5 Qxc5 21. Rxc5 Ne6 22. Rc3 Nxd4 23. exd4 Be6 24. b4 a6 25. Kf2 Kf7 26. Rc5 Bd7 27. Ke3 Rg8 28. Be2 Be6 29. a4 Rgc8 30. Rdc1 Ke7 31. h3 h5 32. g3 Kd7 33. Rg1 Ke7 34. Kd2 Bd7 35. Bd3 Rg8 36. h4 Be6 37. Kc3 Kd7 38. Kb2 Rgc8 39. Ra1 Bf7 40. Ra5 Be6 41. Rc1 Bf7 42. Rc3 Be6 43. Ra3 Ke7 44. Rc3 Kd7 45. b5 axb5 46. Rxa8 Rxa8 47. axb5 Ra4 48. bxc6+ bxc6 49. Ra3 Rxd4 50. Kc3 c5 51. Ra7+ Ke8 52. Rc7 Rb4 53. Rxc5 Rb8 54. Rc7 Ra8 55. Rc6 Ke7 56. Ra6 Rb8 57. Ra7+ Kf8 58. Kd4 Rb3 59. Rc7 Rb2 60. Kc5 Rb3 61. Kd6 Rxd3 62. Kxe6 d4 63. Kf6 Ke8 64. e6 Rc3 65. Rg7 Kd8 66. Rg8+ Kc7 67. e7 Re3 68. e8Q 1-0

[Event "Landesliga Nord 9899"]
[Site "Bayern"]
[Date "1999.05.30"]
[Round "9.6"]
[White "Fischer, Franz"]
[Black "Murmann, Andreas"]
[Result "0-1"]
[WhiteElo "1585"]
[BlackElo "1980"]
[PlyCount "80"]
[EventDate "1998.10.11"]
[EventType "team-tourn"]
[EventRounds "9"]
[EventCountry "GER"]
[SourceTitle "EXT 2020"]
[Source "ChessBase"]
[SourceDate "2019.10.17"]
[SourceVersion "1"]
[SourceVersionDate "2019.10.17"]
[SourceQuality "1"]
[WhiteTeam "Cham"]
[BlackTeam "Kronach"]
[WhiteTeamCountry "GER"]
[BlackTeamCountry "GER"]

1. c4 Nf6 2. Nf3 e6 3. g3 b6 4. Bg2 Bb7 5. 0-0 Be7 6. Nc3 Ne4 7. Nxe4 Bxe4 8. d3 Bb7 9. Qc2 f5 10. Bd2 0-0 11. b4 Bf6 12. Bc3 Qe7 13. d4 Be4 14. Qb2 d6 15. a4 Nd7 16. a5 g5 17. axb6 axb6 18. Rxa8 Rxa8 19. Ra1 Rxa1+ 20. Qxa1 h5 21. Nd2 Bxg2 22. Kxg2 e5 23. d5 Kf7 24. e4 f4 25. Qa7 Nf8 26. Nb3 Qd7 27. Nd2 h4 28. Nf1 h3+ 29. Kf3 Kg6 30. Ke2 Bd8 31. f3 g4 32. Be1 Nh7 33. Qa3 Ng5 34. Nd2 gxf3+ 35. Nxf3 Qg4 36. Qd3 Kg7 37. Bf2 fxg3 38. Bxg3 Nxe4 39. c5 Nxg3+ 40. hxg3 e4 0-1

[Event "Landesliga Nord 9899"]
[Site "Bayern"]
[Date "1999.02.07"]
[Round "5.5"]
[White "Berreth, Marc"]
[Black "Fischer, Franz"]
[Result "1/2-1/2"]
[WhiteElo "2080"]
[BlackElo "1585"]
[PlyCount "25"]
[EventDate "1998.10.11"]
[EventType "team-tourn"]
[EventRounds "9"]
[EventCountry "GER"]
[SourceTitle "EXT 2020"]
[Source "ChessBase"]
[SourceDate "2019.10.17"]
[SourceVersion "1"]
[SourceVersionDate "2019.10.17"]
[SourceQuality "1"]
[WhiteTeam "Bamberg SC II"]
[BlackTeam "Cham"]
[WhiteTeamCountry "GER"]
[BlackTeamCountry "GER"]

1. d4 d5 2. c4 e6 3. Nc3 c6 4. Nf3 Nf6 5. e3 Nbd7 6. Bd3 Bd6 7. 0-0 0-0 8. e4 dxc4 9. Bxc4 b5 10. Bd3 e5 11. Bg5 exd4 12. Nxd4 Ne5 13. Be2 1/2-1/2

[Event "Regionalliga NO 9900"]
[Site "Bayern"]
[Date "1999.??.??"]
[Round "3.7"]
[White "Fischer, Franz"]
[Black "Thanner, Hans Peter"]
[Result "0-1"]
[WhiteElo "1585"]
[BlackElo "2130"]
[PlyCount "96"]
[EventDate "1999.??.??"]
[EventType "team-tourn"]
[EventRounds "9"]
[EventCountry "GER"]
[SourceTitle "EXT 2020"]
[Source "ChessBase"]
[SourceDate "2019.10.17"]
[SourceVersion "1"]
[SourceVersionDate "2019.10.17"]
[SourceQuality "1"]
[WhiteTeam "Cham"]
[BlackTeam "Regensburg Fortuna II"]
[WhiteTeamCountry "GER"]
[BlackTeamCountry "GER"]

1. e4 e6 2. Nc3 d5 3. d3 Nf6 4. Bg5 Be7 5. Nf3 c5 6. Bxf6 Bxf6 7. e5 Be7 8. d4 Nc6 9. Bb5 0-0 10. dxc5 d4 11. Bxc6 dxc3 12. Qxd8 Rxd8 13. Be4 cxb2 14. Rb1 Bxc5 15. Rxb2 Rb8 16. 0-0 b6 17. Rbb1 Ba6 18. Rfd1 Be2 19. Re1 Bc4 20. a4 a5 21. Rbd1 Bb4 22. Rxd8+ Rxd8 23. Rc1 Ba3 24. Re1 Kf8 25. h4 h6 26. Bd3 Bd5 27. Kf1 Bc6 28. Ra1 Be7 29. Ke2 Rd5 30. Be4 Rc5 31. Bxc6 Rxc2+ 32. Kd3 Rxc6 33. g3 Bc5 34. Rc1 Rc7 35. Rc2 Ke7 36. Ke4 Rd7 37. g4 g6 38. Rc4 Rd1 39. Nd4 Re1+ 40. Kd3 Kd7 41. f4 h5 42. gxh5 gxh5 43. Kd2 Re4 44. Kd3 Rxf4 45. Ne2 Rf3+ 46. Kd2 Bb4+ 47. Kd1 Rd3+ 48. Kc1 Ra3 0-1

[Event "Regionalliga NO 9900"]
[Site "Bayern"]
[Date "1999.??.??"]
[Round "2.7"]
[White "Schuhmacher, Albrecht"]
[Black "Fischer, Franz"]
[Result "0-1"]
[WhiteElo "2090"]
[BlackElo "1585"]
[PlyCount "78"]
[EventDate "1999.??.??"]
[EventType "team-tourn"]
[EventRounds "9"]
[EventCountry "GER"]
[SourceTitle "EXT 2020"]
[Source "ChessBase"]
[SourceDate "2019.10.17"]
[SourceVersion "1"]
[SourceVersionDate "2019.10.17"]
[SourceQuality "1"]
[WhiteTeam "Koetzting"]
[BlackTeam "Cham"]
[WhiteTeamCountry "GER"]
[BlackTeamCountry "GER"]

1. d4 Nf6 2. c4 e6 3. Nf3 Bb4+ 4. Bd2 Bxd2+ 5. Qxd2 d6 6. Nc3 Nbd7 7. e4 e5 8. d5 Nc5 9. Qc2 a5 10. g3 0-0 11. Bg2 Bd7 12. 0-0 Nh5 13. Qe2 g6 14. Nd2 Qg5 15. b3 f5 16. exf5 gxf5 17. a3 Kh8 18. b4 axb4 19. axb4 Na6 20. Rab1 Rg8 21. f3 Rg6 22. Rf2 Qh6 23. Nf1 Nf6 24. Qd2 Qg7 25. f4 Ng4 26. Re2 e4 27. Bh3 h5 28. Bxg4 Rxg4 29. Ne3 Rxf4 30. b5 Nc5 31. b6 Rf3 32. bxc7 f4 33. Ned1 fxg3 34. hxg3 Rxg3+ 35. Rg2 Rxg2+ 36. Qxg2 Qd4+ 37. Kh1 Rg8 38. Qf2 e3 39. Qh2 Bg4 0-1

[Event "Landesliga Nord 9798"]
[Site "Bayern"]
[Date "1998.??.??"]
[Round "?.6"]
[White "Fischer, Franz"]
[Black "Weigert, Wilhelm"]
[Result "1/2-1/2"]
[WhiteElo "1585"]
[BlackElo "2020"]
[PlyCount "189"]
[EventDate "1997.10.19"]
[EventType "team-tourn"]
[EventRounds "9"]
[EventCountry "GER"]
[SourceTitle "EXT 2020"]
[Source "ChessBase"]
[SourceDate "2019.10.17"]
[SourceVersion "1"]
[SourceVersionDate "2019.10.17"]
[SourceQuality "1"]
[WhiteTeam "Cham"]
[BlackTeam "Kelheim"]
[WhiteTeamCountry "GER"]
[BlackTeamCountry "GER"]

1. Nf3 g6 2. d4 Bg7 3. c4 c5 4. g3 cxd4 5. Nxd4 Nc6 6. Nxc6 bxc6 7. Bg2 Nf6 8. Nc3 0-0 9. 0-0 Ba6 10. Qa4 Bb7 11. c5 Qc7 12. Rd1 h6 13. Bf4 e5 14. Bd2 Rfd8 15. Ne4 Nxe4 16. Bxe4 d5 17. cxd6 Rxd6 18. Ba5 Rxd1+ 19. Rxd1 Qe7 20. Bxc6 Rc8 21. Bxb7 Qxb7 22. Bc3 a6 23. e4 Rc6 24. Rd8+ Kh7 25. Qd1 Qb6 26. Kg2 Rf6 27. f3 Re6 28. Rd7 Kg8 29. Qd2 Qb5 30. Rd5 Qc6 31. Bb4 Re8 32. a3 Qc4 33. Qd3 Qc8 34. Qc3 Qb7 35. Qc4 h5 36. Rc5 Re6 37. Rc8+ Kh7 38. Rc7 Qb6 39. Qc5 Kg8 40. Qxb6 Rxb6 41. Rc8+ Kh7 42. Kf2 Bf6 43. h3 h4 44. g4 Bg5 45. Ke2 Kg7 46. Rc7 Bf4 47. Rd7 Bc1 48. Rd6 Rxd6 49. Bxd6 Bxb2 50. Kd3 Kf6 51. a4 Ke6 52. Bb4 Bc1 53. Be1 Bg5 54. Kc4 Kd6 55. Kb4 Bd8 56. Bd2 g5 57. Kc4 Kc6 58. Bb4 Bb6 59. Be7 Be3 60. Bf8 Bf2 61. Bg7 Kd6 62. Bf8+ Kc6 63. Kd3 Bg3 64. Be7 Bf4 65. Kc4 Be3 66. Bb4 Bb6 67. Bd2 Bd8 68. Bc1 Be7 69. Be3 Bf6 70. Bc5 Bd8 71. Bf8 Bf6 72. Kb4 Bd8 73. Bg7 Kd6 74. Bh8 Ke6 75. Bg7 Kd6 76. Bf8+ Kc6 77. Kc4 Bf6 78. Bb4 Bd8 79. Bc5 Bf6 80. Ba7 Bd8 81. Bb8 Bf6 82. Kb4 Kb7 83. Bd6 Kc6 84. Bf8 Bd8 85. Bc5 Bf6 86. Bf2 Bd8 87. Be3 Bf6 88. Ka5 Kb7 89. Bb6 Be7 90. Be3 Bd8+ 91. Kb4 Kc6 92. Kc4 Be7 93. Bd2 Bd8 94. Bc3 Bc7 95. Bb4 1/2-1/2

[Event "Landesliga Nord 9596"]
[Site "Bayern"]
[Date "1996.??.??"]
[Round "?"]
[White "Fischer, Franz"]
[Black "Krupkova, Petra"]
[Result "0-1"]
[WhiteElo "1585"]
[BlackElo "2145"]
[PlyCount "84"]
[EventDate "1995.10.??"]
[EventType "team-tourn"]
[EventRounds "9"]
[EventCountry "GER"]
[SourceTitle "EXT 2020"]
[Source "ChessBase"]
[SourceDate "2019.10.17"]
[SourceVersion "1"]
[SourceVersionDate "2019.10.17"]
[SourceQuality "1"]
[WhiteTeam "Cham"]
[BlackTeam "Bamberg SC II"]
[WhiteTeamCountry "GER"]
[BlackTeamCountry "GER"]

1. c4 e5 2. Nc3 Nf6 3. Nf3 Nc6 4. e3 Bb4 5. Nd5 e4 6. Ng1 0-0 7. a3 Bd6 8. Ne2 Nxd5 9. cxd5 Ne5 10. Ng3 f5 11. d3 Nxd3+ 12. Bxd3 exd3 13. Qxd3 Qf6 14. 0-0 b6 15. Bd2 a5 16. Bc3 Be5 17. Rfd1 Ba6 18. Bxe5 Qxe5 19. Qd4 Qxd4 20. Rxd4 d6 21. Nh5 g5 22. f4 h6 23. Kf2 Rae8 24. fxg5 hxg5 25. b4 axb4 26. axb4 Bb5 27. h4 gxh4 28. Nf4 Re4 29. Rxe4 fxe4 30. Kg1 Bc4 31. Rd1 Rf5 32. Rd4 b5 33. Kh2 Rg5 34. Ne6 Rxd5 35. Rxd5 Bxd5 36. Nxc7 Bc4 37. Kh3 Kf7 38. Kxh4 Ke7 39. g4 Kd7 40. Nxb5 Bxb5 41. Kg5 Ke6 42. Kf4 d5 0-1

[Event "Landesliga Nord 9596"]
[Site "Bayern"]
[Date "1995.??.??"]
[Round "?"]
[White "Fischer, Franz"]
[Black "Weinmann, Stefan"]
[Result "1/2-1/2"]
[WhiteElo "1585"]
[BlackElo "1985"]
[PlyCount "80"]
[EventDate "1995.10.??"]
[EventType "team-tourn"]
[EventRounds "9"]
[EventCountry "GER"]
[SourceTitle "EXT 2020"]
[Source "ChessBase"]
[SourceDate "2019.10.17"]
[SourceVersion "1"]
[SourceVersionDate "2019.10.17"]
[SourceQuality "1"]
[WhiteTeam "Cham"]
[BlackTeam "Nuernberg Grundig SC"]
[WhiteTeamCountry "GER"]
[BlackTeamCountry "GER"]

1. e4 c6 2. d4 d5 3. exd5 cxd5 4. Bd3 Nc6 5. c3 Nf6 6. Bf4 g6 7. Nd2 Bg7 8. Ngf3 0-0 9. h3 Re8 10. 0-0 Nh5 11. Bh2 e5 12. dxe5 Nxe5 13. Nxe5 Bxe5 14. Bxe5 Rxe5 15. Nf3 Re8 16. Qd2 Bd7 17. Qh6 Qf6 18. Ng5 Qg7 19. Qxg7+ Kxg7 20. Rfd1 Nf4 21. Bf1 Bc6 22. Nf3 Rad8 23. Rd2 Ne6 24. Rad1 Rc8 25. Nd4 Nxd4 26. Rxd4 Re4 27. f3 Re3 28. Kf2 Rce8 29. Bd3 R3e7 30. a4 a5 31. Rd2 Re1 32. Bc2 Ra1 33. Bb3 h5 34. Bxd5 Bxd5 35. Rxd5 Rxa4 36. Rb5 Re7 37. Rd6 Ra2 38. Rdb6 a4 39. Ra5 Rc7 40. Ke3 a3 1/2-1/2

[Event "Landesliga Nord 9495"]
[Site "Bayern"]
[Date "1994.??.??"]
[Round "?.5"]
[White "Bunk, Karsten"]
[Black "Fischer, Franz"]
[Result "1/2-1/2"]
[WhiteElo "2120"]
[BlackElo "1990"]
[PlyCount "96"]
[EventDate "1994.10.09"]
[EventType "team-tourn"]
[EventRounds "9"]
[EventCountry "GER"]
[SourceTitle "EXT 1999"]
[Source "ChessBase"]
[SourceDate "1998.11.16"]
[SourceVersion "1"]
[SourceVersionDate "1998.11.16"]
[SourceQuality "1"]
[WhiteTeam "Nuernberg Sued SW"]
[BlackTeam "Cham"]
[WhiteTeamCountry "GER"]
[BlackTeamCountry "GER"]

1. c4 Nf6 2. g3 g6 3. Bg2 Bg7 4. Nc3 0-0 5. e4 d6 6. Nge2 e5 7. d3 c6 8. h3 Be6 9. f4 Nfd7 10. 0-0 f6 11. Kh2 c5 12. f5 Bf7 13. fxg6 hxg6 14. g4 Be6 15. Qe1 Nc6 16. Be3 Nd4 17. Bxd4 cxd4 18. Nd5 Bxd5 19. exd5 Bh6 20. Be4 Kg7 21. b4 Be3 22. Rf3 a5 23. a3 axb4 24. axb4 Rxa1 25. Qxa1 Qa8 26. Rf1 Qxa1 27. Rxa1 f5 28. gxf5 gxf5 29. Bg2 Nf6 30. Ra7 Rf7 31. c5 dxc5 32. bxc5 e4 33. Ra4 exd3 34. Nxd4 Ne4 35. c6 bxc6 36. dxc6 Nc3 37. Rc4 Ne2 38. Ne6+ Kf6 39. c7 Rxc7 40. Nxc7 Bf4+ 41. Rxf4 Nxf4 42. Bf3 d2 43. h4 Ke5 44. Nb5 Nd5 45. Kg3 f4+ 46. Kf2 Ne3 47. Nc3 Kf5 48. Be4+ Kg4 1/2-1/2

[Event "Landesliga Nord 9495"]
[Site "Bayern"]
[Date "1994.??.??"]
[Round "?.5"]
[White "Fischer, Franz"]
[Black "Schwarzmeier, Klaus"]
[Result "1-0"]
[WhiteElo "1990"]
[BlackElo "2100"]
[PlyCount "77"]
[EventDate "1994.10.09"]
[EventType "team-tourn"]
[EventRounds "9"]
[EventCountry "GER"]
[SourceTitle "EXT 1999"]
[Source "ChessBase"]
[SourceDate "1998.11.16"]
[SourceVersion "1"]
[SourceVersionDate "1998.11.16"]
[SourceQuality "1"]
[WhiteTeam "Cham"]
[BlackTeam "Kelheim"]
[WhiteTeamCountry "GER"]
[BlackTeamCountry "GER"]

1. Nf3 Nf6 2. d4 d5 3. g3 g6 4. Bg2 Bg7 5. 0-0 0-0 6. c4 c6 7. Nc3 Ne4 8. cxd5 Nxc3 9. bxc3 cxd5 10. c4 dxc4 11. Qa4 Qd5 12. Be3 b5 13. Qa3 Bb7 14. Qxe7 Qd7 15. Qh4 Nc6 16. Ng5 h6 17. Ne4 g5 18. Qxh6 Nxd4 19. Qh5 Nxe2+ 20. Qxe2 Bxa1 21. Rxa1 Bxe4 22. Bxe4 Rae8 23. Qf3 Re5 24. g4 Rd8 25. Bf5 Qe7 26. h4 gxh4 27. Kg2 b4 28. Qf4 c3 29. Bd4 Re2 30. Qh6 Qb7+ 31. Kf1 Qh1+ 32. Kxe2 Re8+ 33. Kd3 Qf3+ 34. Kc4 Qe2+ 35. Kc5 Qe7+ 36. Kc6 f6 37. Qg6+ Kf8 38. Bc5 Rc8+ 39. Bxc8 1-0